000 00733nam a2200253Ia 4500
003 OSt
005 20220918164731.0
006 a|||||r|||| 00| 0
007 ta
008 220917b |||||||| |||| 00| 0 eng d
020 _a0739101498 (pbk)
024 _a188,413
037 _cTextual
040 _aARTS
_cARTS
_beng
041 _2eng
_aeng
082 _aR 4 : ( O ), P0
100 _aEdmondson Henry T Ed.
_920382
245 0 _aThe moral of the story
_b literature and public ethics
260 _aLanham
_bLexington Books
_c2000
300 _aviii, 261 p
_ccm.
490 _aApplications of political theory
942 _hR 4 : ( O ), P0
_cTEXL
_2CC
999 _c126259
_d126259